| 000 | 00779nam a22002177a 4500 | ||
|---|---|---|---|
| 999 |
_c15918 _d15918 |
||
| 003 | AR-CdUCM | ||
| 008 | 190430b ||||| |||| 00| 0 spa d | ||
| 040 |
_aMUNICIPALIDAD PROVINCIAL DEL CUSCO _cBIBLIOTECA MUNICIPAL DEL CUSCO |
||
| 082 |
_a170.08 / _bS61 |
||
| 100 |
_aSmiles, Samuel _935155 |
||
| 245 | _aEl deber / | ||
| 260 |
_aBarcelona : _bRamón Sopena, _c1931. |
||
| 300 |
_a327 páginas ; _c20 cm. |
||
| 505 | _aContenido: El deber - la conciencia -- El deber en acción -- La honradez, la verdad -- Hombres que no pueden ser comprados -- El valor, el sufrimiento ... | ||
| 650 |
_aDeber _935156 |
||
| 650 |
_aConciencia _911784 |
||
| 650 |
_aHonradez _935157 |
||
| 700 |
_aNuñez de Prado, G. (traductor) _935158 |
||
| 942 |
_2ddc _cLIBROS |
||
| 945 |
_aacv _d2019-04-30 |
||